Investigation of the Characteristics of an Oil Jet Pump When Using a Group Ground Drive

Salvato in:
Dettagli Bibliografici
Autore principale: Panevnyk, Denis
Altri autori: Kreheľ, Radoslav, 1979-
Natura: Capitolo di libro
Lingua:inglese
Soggetti:
Tags: Aggiungi Tag
Nessun Tag, puoi essere il primo ad aggiungerne!!

MARC

LEADER 00000naa a2200000 4500
001 0298709
005 20250610131431.7
041 0 |a eng 
044 |a KW 
245 1 0 |a Investigation of the Characteristics of an Oil Jet Pump When Using a Group Ground Drive  |c Denis Panevnyk, Radoslav Kreheľ 
610 2 0 |a technológie inteligentné 
610 2 0 |a inžinierstvo priemyselné 
610 2 0 |a simulácia 
610 2 0 |a počítače 
610 2 0 |a modely 
100 1 |a Panevnyk, Denis 
700 1 |a Kreheľ, Radoslav, 1979-